00548nam a2200205 a 450000100060000000300090000600800410001502000150005604000280007108200100009910000230010924500210013226000400015330000100019349000340020359000470023765000290028494200120031399900170032520170CO-ViMGA141112s2004 ck r 000 u spa d a9802572276 aCO-ViMGAbspacCO-ViMGA aMCKce1 aMcKee, David9319010aCebra tiene hipo aCaracas : bEdiciones Ekare, c1998 a28 p. aColección primeras lecturas aForma de adquisición : Premio Mincultura14aCUENTOS INFANTILES92743 2ddccBK c11582d11582